[Event "Edmonton March of Kings op"]
[Site "Edmonton"]
[Date "2009.03.14"]
[Round "2"]
[White "Scholz, Mike"]
[Black "Cai, Tony"]
[Result "0-1"]
[WhiteElo "1451"]
[BlackElo "1776"]
[PlyCount "126"]
[EventDate "2009.03.14"]
[EventType "swiss"]
[EventRounds "5"]
[EventCountry "CAN"]
[SourceTitle "EXT 2011"]
[Source "ChessBase"]
[SourceDate "2010.11.26"]
[SourceVersion "1"]
[SourceVersionDate "2010.11.26"]
[SourceQuality "1"]

1. e4 c5 2. Nc3 Nc6 3. Be2 d6 4. Bb5 Nf6 5. d3 Bd7 6. Nf3 g6 7. 0-0 Bg7 8. Bf4 Nd4 9. Bxd7+ Nxd7 10. Nd5 Ne6 11. c3 Nxf4 12. Nxf4 0-0 13. Ng5 Qe8 14. Nd5 Rc8 15. f4 h6 16. Nh3 f5 17. Qb3 c4 18. dxc4 e6 19. Ne3 Nc5 20. Qc2 Nxe4 21. Nf2 Nf6 22. Rad1 Qe7 23. Rd2 Rfd8 24. Re1 e5 25. Nf1 Qc7 26. fxe5 dxe5 27. Rxd8+ Rxd8 28. b3 e4 29. Rd1 Rxd1 30. Qxd1 f4 31. Nxe4 Nxe4 32. Qd5+ Qf7 33. Qxe4 Bxc3 34. Qd5 Qxd5 35. cxd5 Bd4+ 36. Kh1 Kf7 37. Nd2 Ke7 38. Nf3 Bf6 39. Kg1 Kd6 40. Kf1 Kxd5 41. Ke2 b5 42. Kd3 a5 43. g4 Kc5 44. h4 Kb4 45. Kc2 Ka3 46. Kb1 Kb4 47. Kc2 Ka3 48. Kb1 Bg7 49. Nd2 Bc3 50. Nf3 b4 51. h5 g5 52. Nh2 a4 53. bxa4 Kxa4 54. Nf3 Kb5 55. Kc2 Kc4 56. Ng1 Kd4 57. Kd1 Ke3 58. Kc2 f3 59. Nh3 f2 60. Nxf2 Kxf2 61. Kb3 Kf3 62. a4 bxa3 63. Kxc3 Kxg4 0-1

[Event "CAN-ch U12"]
[Site "Quebec"]
[Date "2008.07.16"]
[Round "5"]
[White "Cai, Tony"]
[Black "Tremblay, Kevin"]
[Result "1-0"]
[WhiteElo "1683"]
[BlackElo "1268"]
[PlyCount "99"]
[EventDate "2008.07.14"]
[EventType "swiss"]
[EventRounds "7"]
[EventCountry "CAN"]
[SourceTitle "EXT 2011"]
[Source "ChessBase"]
[SourceDate "2010.11.26"]
[SourceVersion "1"]
[SourceVersionDate "2010.11.26"]
[SourceQuality "1"]

1. d4 d5 2. c4 dxc4 3. Nf3 Nf6 4. Nc3 Nc6 5. e4 Bg4 6. d5 Ne5 7. Be2 Bxf3 8. gxf3 e6 9. f4 Nd3+ 10. Bxd3 cxd3 11. Qxd3 exd5 12. e5 d4 13. exf6 dxc3 14. Qe4+ Be7 15. Qxe7+ Qxe7+ 16. fxe7 cxb2 17. Bxb2 Kxe7 18. Rc1 c6 19. Bxg7 Rhe8 20. Ke2 f6 21. Rhg1 Rad8 22. f5 Kd6+ 23. Kf3 Ke5 24. Bh6 Kxf5 25. Rg7 Rd3+ 26. Be3 h5 27. Rxb7 Rg8 28. Rxa7 Rg4 29. Rxc6 Rf4+ 30. Ke2 Rxe3+ 31. fxe3 Rg4 32. Kf3 Kg5 33. a4 Kg6 34. a5 Ra4 35. a6 Ra2 36. Rb7 Rxh2 37. a7 Ra2 38. Rc8 Kf5 39. a8Q Rxa8 40. Rxa8 h4 41. Rh8 h3 42. Rxh3 Kg6 43. Rhh7 f5 44. Kf4 Kf6 45. Rhf7+ Kg6 46. Rxf5 Kh6 47. Rb6+ Kg7 48. Ra5 Kf7 49. Ra7+ Ke8 50. Rb8# 1-0

[Event "CAN-ch U12"]
[Site "Quebec"]
[Date "2008.07.14"]
[Round "2"]
[White "Cai, Tony"]
[Black "Qin, Zi Yi"]
[Result "0-1"]
[WhiteElo "1683"]
[BlackElo "2194"]
[PlyCount "84"]
[EventDate "2008.07.14"]
[EventType "swiss"]
[EventRounds "7"]
[EventCountry "CAN"]
[SourceTitle "EXT 2011"]
[Source "ChessBase"]
[SourceDate "2010.11.26"]
[SourceVersion "1"]
[SourceVersionDate "2010.11.26"]
[SourceQuality "1"]

1. d4 Nf6 2. c4 e6 3. Nc3 Bb4 4. Bg5 c5 5. e3 Qa5 6. Qc1 Ne4 7. Bf4 Nxc3 8. a3 Nd5+ 9. axb4 Qxb4+ 10. Qd2 Qxd2+ 11. Kxd2 Nxf4 12. exf4 cxd4 13. Nf3 Nc6 14. Bd3 b6 15. Be4 Bb7 16. Bxc6 Bxc6 17. Nxd4 0-0 18. Nxc6 dxc6 19. Ke3 Rfd8 20. Rhd1 a5 21. b3 Kf8 22. c5 Rxd1 23. Rxd1 b5 24. Ra1 Ke7 25. Ke4 a4 26. bxa4 Rxa4+ 27. Rxa4 bxa4 28. Kd4 Kf6 29. Kc4 Kf5 30. Kb4 Kxf4 31. Kxa4 Ke4 32. Ka5 Kd4 33. Kb4 Kd5 34. Kb3 Kxc5 35. Kc3 Kd5 36. Kd3 Kc5 37. Kc3 e5 38. Kd3 f5 39. Kc3 g5 40. Kd3 h5 41. Kc3 e4 42. g3 g4 0-1